000
00280nam a22001337a 4500
008
170606b xxu||||| |||| 00| 0 eng d
020
_a
0370000129
041
_a
eng
080
_a
94(6)
100
_a
18
101
_a
SHH
245
_a
OUT OF AFRICA
_c
BLIXEN,K
942
_2
udc
_c
BK
999
_c
16138
_d
16138